000
00235nam a2200109Ia 4500
100
_a
Ireson/W. Grant
942
_c
BK
654
_a
Handbook
245
_a
Reliablity Handbook
260
_b
McGraw Hill
_a
NEWYORK
_c
1966
546
_a
ENGLISH
999
_c
25715
_d
25715